00481 a2200181 450000100060000002000060000604000220001210000210003424000370005524500320009230000060012436200090013044000230013965000240016294200070018695200890019399900170028254429 a  cAnchieta - Pituba aCUNHA, Iane Dias10a1ª História, III unidadelpor10a1ª História, III unidade a50 a2016 1aColégio Anchieta 4aHistória do mundo cBK 00104070a91.1b91.1d2023-11-21l0p3802/PITr2023-11-21 18:22:12w2023-11-21yBK c54429d54429